| 000 | 01058nam a22003617a 4500 | ||
|---|---|---|---|
| 001 | 0024592 | ||
| 003 | KOHA_MİRAKIL | ||
| 005 | 20260207002444.0 | ||
| 007 | ta | ||
| 008 | 101112b2008 tu |||gr||||#||||0|tur | | ||
| 020 |
_a6053951261 _c14,39 |
||
| 040 |
_aTR-BiSEU _btur _cTR-BiSEU _erda |
||
| 041 | 0 | _atur | |
| 044 | _ctu | ||
| 050 |
_aQA320 _b.S69 2008 |
||
| 100 | 0 | _aSoykan,Yüksel. | |
| 245 | 1 |
_aÇözümlü fonksiyonel analiz alıştırmaları/ _cSoykan,Yüksel ; Yüksel Soykan. |
|
| 250 | _a 1. bs. | ||
| 264 | 1 |
_aAnkara : _bNobel _c2008 |
|
| 300 | _a557 sayfa: resimli | ||
| 336 |
_ametin _btxt _2rdacontent |
||
| 337 |
_aaracısız _bn _2rdamedia |
||
| 338 |
_acilt _bnc _2rdacarrier |
||
| 490 | 1 | _aNobel yayın no. | |
| 490 | 1 |
_a ; _v1329. |
|
| 490 | 1 |
_aMatematik-istatistik ; _v52. |
|
| 500 | _aKaynakça var. | ||
| 650 | 0 |
_aFonksiyonel analiz--Problemler, alıştırmalar, vb. _950086 |
|
| 830 | 1 |
_aNobel yayın no. _91940 |
|
| 830 | 1 |
_a ; _v1329. _91620 |
|
| 830 | 1 |
_aMatematik-istatistik ; _v52. _950087 |
|
| 942 |
_2lcc _cBK |
||
| 999 |
_c24543 _d24543 |
||